| 000 | 02514nam a22003737a 4500 | ||
|---|---|---|---|
| 001 | 101009 | ||
| 003 | KnowledgeUnlatched | ||
| 005 | 20210303104736.0 | ||
| 006 | m o d | ||
| 007 | cr u|||||||||| | ||
| 008 | 210129p20182019ncu o u00| u eng d | ||
| 037 | _5BiblioBoard | ||
| 245 | 0 | 0 |
_aChinese Surplus _bBiopolitical Aesthetics and the Medically Commodified Body / _cAri Larissa Heinrich. |
| 020 | _a9781478091035 | ||
| 029 | 1 | _ahttps://library.biblioboard.com/ext/api/media/e132b890-8b0c-4cc0-bfe4-706b1dd99380/assets/thumbnail.jpg | |
| 040 |
_aScCtBLL _cScCtBLL |
||
| 100 | 1 |
_aHeinrich, Ari Larissa _eauthor. |
|
| 264 | 1 | _bDuke University Press, | |
| 300 | _a1 online resource (266 p.) | ||
| 490 | 1 | _aPerverse Modernities: A Series Edited by Jack Halberstam and Lisa Lowe | |
| 506 | 0 |
_aAccess copy available to the general public. _fUnrestricted _2star |
|
| 520 | _aWhat happens when the body becomes art in the age of biotechnological reproduction? In Chinese Surplus Ari Larissa Heinrich examines transnational Chinese aesthetic production to demonstrate how representations of the medically commodified body can illuminate the effects of biopolitical violence and postcolonialism in contemporary life. From the earliest appearance of Frankenstein in China to the more recent phenomenon of "cadaver art," he shows how vivid images of a blood transfusion as performance art or a plastinated corpse without its skin-however upsetting to witness-constitute the new "realism" of our times. Adapting Foucauldian biopolitics to better account for race, Heinrich provides a means to theorize the relationship between the development of new medical technologies and the representation of the human body as a site of annexation, extraction, art, and meaning-making. | ||
| 588 | 0 | _aDescription based on print version record. | |
| 590 | _aKU Select 2017: Front list Collection | ||
| 650 | 7 |
_aScience / Philosophy & Social Aspects _2bisacsh |
|
| 650 | 0 | _aScience | |
| 655 | 0 | _aElectronic books. | |
| 758 |
_iIs found in: _aKnowledge Unlatched _1https://openresearchlibrary.org/module/2774bc74-146a-484f-a7ba-ab1d6a09bbfb |
||
| 830 | 0 | _aPerverse Modernities: A Series Edited by Jack Halberstam and Lisa Lowe | |
| 856 | 4 | 0 |
_uhttps://openresearchlibrary.org/content/e132b890-8b0c-4cc0-bfe4-706b1dd99380 _zView this content on Open Research Library. _70 |
| 999 |
_c32472 _d32472 |
||